<?xml version="1.0" encoding="UTF-8"?><?xml-stylesheet type="text/xsl" href="static/style.xsl"?><OAI-PMH xmlns="http://www.openarchives.org/OAI/2.0/" xmlns:xsi="http://www.w3.org/2001/XMLSchema-instance" xsi:schemaLocation="http://www.openarchives.org/OAI/2.0/ http://www.openarchives.org/OAI/2.0/OAI-PMH.xsd"><responseDate>2026-04-17T14:58:57Z</responseDate><request verb="GetRecord" identifier="oai:www.recercat.cat:20.500.12327/206" metadataPrefix="marc">https://recercat.cat/oai/request</request><GetRecord><record><header><identifier>oai:recercat.cat:20.500.12327/206</identifier><datestamp>2025-10-22T11:14:37Z</datestamp><setSpec>com_2072_4428</setSpec><setSpec>com_2072_4427</setSpec><setSpec>col_2072_487898</setSpec></header><metadata><record xmlns="http://www.loc.gov/MARC21/slim" xmlns:dcterms="http://purl.org/dc/terms/" xmlns:xsi="http://www.w3.org/2001/XMLSchema-instance" xmlns:doc="http://www.lyncode.com/xoai" xsi:schemaLocation="http://www.loc.gov/MARC21/slim http://www.loc.gov/standards/marcxml/schema/MARC21slim.xsd">
   <leader>00925njm 22002777a 4500</leader>
   <datafield ind2=" " ind1=" " tag="042">
      <subfield code="a">dc</subfield>
   </datafield>
   <datafield ind2=" " ind1=" " tag="720">
      <subfield code="a">Gifre-Renom, L.</subfield>
      <subfield code="e">author</subfield>
   </datafield>
   <datafield ind2=" " ind1=" " tag="720">
      <subfield code="a">Cano-Garrido, O.</subfield>
      <subfield code="e">author</subfield>
   </datafield>
   <datafield ind2=" " ind1=" " tag="720">
      <subfield code="a">Fàbregas, F.</subfield>
      <subfield code="e">author</subfield>
   </datafield>
   <datafield ind2=" " ind1=" " tag="720">
      <subfield code="a">Roca-Pinilla, R.</subfield>
      <subfield code="e">author</subfield>
   </datafield>
   <datafield ind2=" " ind1=" " tag="720">
      <subfield code="a">Seras-Franzoso, J.</subfield>
      <subfield code="e">author</subfield>
   </datafield>
   <datafield ind2=" " ind1=" " tag="720">
      <subfield code="a">Ferrer-Miralles, N.</subfield>
      <subfield code="e">author</subfield>
   </datafield>
   <datafield ind2=" " ind1=" " tag="720">
      <subfield code="a">Villaverde, A.</subfield>
      <subfield code="e">author</subfield>
   </datafield>
   <datafield ind2=" " ind1=" " tag="720">
      <subfield code="a">Bach, A.</subfield>
      <subfield code="e">author</subfield>
   </datafield>
   <datafield ind2=" " ind1=" " tag="720">
      <subfield code="a">Devant, M.</subfield>
      <subfield code="e">author</subfield>
   </datafield>
   <datafield ind2=" " ind1=" " tag="720">
      <subfield code="a">Arís, A.</subfield>
      <subfield code="e">author</subfield>
   </datafield>
   <datafield ind2=" " ind1=" " tag="720">
      <subfield code="a">Garcia-Fruitós, E.</subfield>
      <subfield code="e">author</subfield>
   </datafield>
   <datafield ind2=" " ind1=" " tag="260">
      <subfield code="c">2018-09-17</subfield>
   </datafield>
   <datafield ind2=" " ind1=" " tag="520">
      <subfield code="a">The production of pure and soluble proteins is a complex, protein-dependent and time-consuming&#xd;
process, in particular for those prone-to-aggregate and/or difcult-to-purify. Although Escherichia coli is&#xd;
widely used for protein production, recombinant products must be co-purifed through costly processes&#xd;
to remove lipopolysaccharide (LPS) and minimize adverse efects in the target organism. Interestingly,&#xd;
Lactococcus lactis, which does not contain LPS, could be a promising alternative for the production&#xd;
of relevant proteins. However, to date, there is no universal strategy to produce and purify any&#xd;
recombinant protein, being still a protein-specifc process. In this context and considering that L. lactis&#xd;
is also able to form functional protein aggregates under overproduction conditions, we explored the use&#xd;
of these aggregates as an alternative source of soluble proteins. In this study, we developed a widely&#xd;
applicable and economically afordable protocol to extract functional proteins from these nanoclusters.&#xd;
For that, two model proteins were used: mammary serum amyloid A3 (M-SAA3) and metalloproteinase&#xd;
9 (MMP-9), a difcult-to-purify and a prone-to-aggregate protein, respectively. The results show that&#xd;
it is possible to obtain highly pure, soluble, LPS-free and active recombinant proteins from L. lactis&#xd;
aggregates through a cost-efective and simple protocol with special relevance for difcult-to-purify or&#xd;
highly aggregated proteins.</subfield>
   </datafield>
   <datafield ind1="8" ind2=" " tag="024">
      <subfield code="a">Gifre-Renom, L., O. Cano-Garrido, F. Fàbregas, R. Roca-Pinilla, J. Seras-Franzoso, N. Ferrer-Miralles, and A. Villaverde et al. 2018. "A New Approach To Obtain Pure And Active Proteins From Lactococcus Lactis Protein Aggregates". Scientific Reports 8 (1). Springer Nature America, Inc. doi:10.1038/s41598-018-32213-8.</subfield>
   </datafield>
   <datafield ind1="8" ind2=" " tag="024">
      <subfield code="a">2045-2322</subfield>
   </datafield>
   <datafield ind1="8" ind2=" " tag="024">
      <subfield code="a">http://hdl.handle.net/20.500.12327/206</subfield>
   </datafield>
   <datafield ind1="8" ind2=" " tag="024">
      <subfield code="a">https://doi.org/10.1038/s41598-018-32213-8</subfield>
   </datafield>
   <datafield ind2="0" ind1="0" tag="245">
      <subfield code="a">A new approach to obtain pure and active proteins from Lactococcus lactis protein aggregates</subfield>
   </datafield>
</record></metadata></record></GetRecord></OAI-PMH>